| 000 -LEADER |
| fixed length control field |
00427cam a22001217a 4500 |
| 008 - FIXED-LENGTH DATA ELEMENTS--GENERAL INFORMATION |
| fixed length control field |
180718b1993 xxu||||| |||| 00| 0 eng d |
| 020 ## - INTERNATIONAL STANDARD BOOK NUMBER |
| International Standard Book Number |
0195072855 |
| 245 ## - TITLE STATEMENT |
| Title |
Organizational change and redesign: Ideas and insights for improving performance |
| Statement of responsibility, etc. |
edited by George P. Huber & William H. Glick |
| 260 ## - PUBLICATION, DISTRIBUTION, ETC. |
| Place of publication, distribution, etc. |
New York |
| Name of publisher, distributor, etc. |
Oxford Unversity Press |
| Date of publication, distribution, etc. |
1993 |
| 300 ## - PHYSICAL DESCRIPTION |
| Extent |
450p. |
| 700 ## - ADDED ENTRY--PERSONAL NAME |
| Personal name |
Glick, William H. |
| 700 ## - ADDED ENTRY--PERSONAL NAME |
| Personal name |
Huber, George P. ed. |